Türkçede ve İngilizcede Aynı Yazılan Ülkeler - Statistics

General Stats
  • This quiz has been taken 612 times
    610 since last reset
  • The average score is 13 of 50
Answer Stats
Ülke % Correct
Andorra
42%
Yemen
38%
Peru
37%
Angola
35%
Fiji
34%
Uruguay
34%
Libya
33%
Malta
33%
Nepal
33%
Panama
33%
San Marino
33%
Sudan
33%
Paraguay
32%
Guatemala
31%
Honduras
31%
Laos
31%
Pakistan
31%
Venezuela
31%
Belize
29%
Bhutan
29%
El Salvador
29%
Kenya
29%
Togo
29%
Vietnam
29%
Mali
28%
Nauru
28%
Haiti
27%
Benin
26%
Myanmar
25%
Sri Lanka
25%
Tonga
25%
Tuvalu
25%
Palau
24%
Brunei
23%
Guyana
23%
Kiribati
23%
Moldova
23%
Belarus
22%
Lesotho
22%
Samoa
22%
Vanuatu
22%
Burundi
20%
Uganda
20%
Saint Lucia
19%
Barbados
18%
Burkina Faso
17%
Gabon
17%
Grenada
17%
Sierra Leone
17%
Mauritius
10%
No matching quizzes found
Score Distribution
Percent of People with Each Score
Percentile by Number Answered
Your Score History
You have not taken this quiz since the last reset